000 00685nam a22001697a 4500
003 MACL
005 20160724121025.0
008 160724b xxu||||| |||| 00| 0 eng d
040 _cMACL
041 _aHindi
082 _a800 KED
100 _aपुण्‍डरीक, नरेन्‍द्र
_956457
245 _aकेदार : शेष-अशेष
_bकेदारनाथ अग्रवाल की अप्र‍काशित रचनाऍ
_cनरेन्‍द्र पुण्‍डरीक
260 _aइलाहाबाद
_bअनामिका प्रकाशन
_c2011
650 _aरचनावली
_9163
942 _2ddc
_cHIN
999 _c54862
_d54862